| 000 | 00572nam a22001817a 4500 | ||
|---|---|---|---|
| 003 | BD-DhUL | ||
| 005 | 20171218102628.0 | ||
| 008 | 161010b2008 bg ||||| |||| 00| 0 ben d | ||
| 020 | _a9841103028 | ||
| 040 | _cBD-DhUL | ||
| 082 |
_a297.63 _bMUB |
||
| 100 | _aমোস্তফা, গোলাম | ||
| 245 |
_aবিশ্বনবী / _cগোলাম মোস্তফা |
||
| 260 |
_aঢাকা : _bআহমদ পাব, _c২০০৮ |
||
| 300 |
_a৪৭২ পৃ. : _c২১ সে.মি. |
||
| 650 | _aবিশ্বনবী | ||
| 942 |
_2ddc _cBK |
||
| 999 |
_c108126 _d108126 |
||